000 nam a22 7a 4500
999 _c329350
_d329350
003 Nust
005 20170503155747.0
008 170503b xxu||||| |||| 00| 0 eng d
040 _cDLC
082 _a 891.4393 BUS
100 _aبشرِی رحمان
245 _aچپ
260 _aLahore :
_bIbaraat,
300 _a168p. :
942 _2ddc
_cBK